000 00386pab a2200169 454500
008 180718b2014 xxu||||| |||| 00| 0 eng d
100 _aKurhade, M S
245 _aEconomics of education
260 _c2014
300 _ap.11-16,21
362 _a30 Jun
650 _aEducation
650 _aEconomics of education
773 _aUniversity News
908 _aN
909 _a104492
999 _c104488
_d104488